000 00562nam a2200193 i 4500
001 74814
003 ES-MaACL
005 20250822022405.0
007 t|
008 040921s1969 sp ||||1| spa d
100 1 _aGranell, Manuel,
_d1906-1993
_959620
245 1 3 _aLa vecindad humana
_b: fundamentación de ethología /
_cManuel Granell.
260 _aMadrid :
_bRevista de Occidente,
_c[1969]
300 _a528 p. ;
_c22 cm.
650 7 _aÉtica
_2embne
_912577
650 0 7 _aCarácter
_2embne
_910773
852 _aES-MaACL
_jC-38230
999 _c74814
_d74814